000 00206 a2200097 4500
001 11665
100 _aJane's
245 _aJane's electro optic systems 95-96
260 _a
_bJanes
_c
090 _c8975
_d8975
942 _aNUST-CAE
_cM
_c35794
999 _c246738
_d246738